Random Science Questions #1 - Statistics

General Stats
  • This quiz has been taken 17 times
  • The average score is 3 of 5
Answer Stats
Hint Answer % Correct
powerhouse of the cell mitochondria
100%
normal human body temperature in degrees Celsius 37
80%
Potassium + Astatine + Hydrogen + (Rhenium - "e") + Yttrium + Nitrogen + (Dubnium - "b") + Uranium + (Titanium - "i") + (Titanium - "i") + Oxygen + Nitrogen + Sulfur + Uranium + Carbon + Potassium + Sulfur + Astatine + "J" + (Erbium - "r") + (Thallium - "l") + Phosphorus + Uranium + Nitrogen + Potassium KATHRYNDUTTONSUCKSATJETPUNK
40%
C12H22O11 sucrose
40%
the meaning of the symbol "i" in chemistry van't Hoff factor
20%
No matching quizzes found
Score Distribution
Percent of People with Each Score
Percentile by Number Answered
Your Score History
You have not taken this quiz